000 00456ntaaa2200181 4500
003 01
005 20251027202819.0
008 0714s1973 ag 01
040 _aAR-BaBN
_bspa
_cAR-BaBN
_eaacr
_dRIC
082 _a920.0000 C23
100 _aCarrió, Eduardo
_928573
245 _aInfancia de grandes hombres
250 _a1 ed.
260 _aBuenos Aires :
_bEditorial Atlántida,
_cc1941
300 _a150 p
650 _abiografías
_911246
942 _cBK
999 _c23514
_d23514